01286cam a2200229 i 4500001000500000005001700005020001800022040003500040050002100075082001500096100003100111245004300142260002700185300002300212490002000235520066400255521001800919650003100937650003500968655002501003655002801028149720230918123553.0 a9788182524361 aDLCbengcDLCerdadDLCdFISKH00aPR4762b.P7 201300a823/.82231 aHope, Anthony,d1863-1933.14aThe Prisoner of Zenda /cAnthony Hope. aMumbai :bWilco,c2011 a181 pages :c19 cm0 aClassic Library aFive times made into film versions since its original publication in 1894, The Prisoner of Zenda is a perennially popular adventure and romance story. Hope's swashbuckling romance transports his English gentleman hero, Rudolf Rassendyll, from a comfortable life in London to fast-pacedadventures in Ruritania, a mythical land steeped in political intrigue. Rassendyll must impersonate the rightful king in order to rescue him from the castle Zenda, all the while facing tests of honor with the beautiful Princess Flavia, and enduring tests of strength in his encounters with thevillainous Black Michael and his handsome, debonair bodyguard, Rupert of Hentzau. a730 bLexile 0aKings and rulersvFiction. 0aPolitical kidnappingvFiction. 7aLove stories.2gsafd 7aFantasy fiction.2gsafd